Spike Lee Movies Quiz Stats

 Plays Quiz Updated Jan 12, 2021

Support Sporcle.
Go Orange.
Score 0/24 Timer 06:00
0 Plays Today
Year Movie % Correct
1989Do the Right Thing
81%
2018BlacKkKlansman
79.9%
2020Da 5 Bloods
69.3%
1992Malcolm X
56.9%
1998He Got Game
50.4%
1991Jungle Fever
50.2%
2006Inside Man
49.9%
2015Chi-Raq
47.5%
2013Oldboy
38.5%
1986She's Gotta Have It
35.9%
200225th Hour
34.9%
2008Miracle at St. Anna
34.3%
Year Movie % Correct
1990Mo' Better Blues
34.2%
1988School Daze
32.5%
1994Crooklyn
31.8%
2000Bamboozled
27.3%
1999Summer of Sam
26.2%
1995Clockers
26.1%
2014Da Sweet Blood of Jesus
24.3%
1996Girl 6
24.3%
2012Red Hook Summer
22.6%
1996Get on the Bus
20.8%
2004She Hate Me
19.3%
2018Pass Over
8.3%

From the Vault

'E' Movies by Picture

by sweett310

Movies 6m
This is the kind of quiz that is helpful with friends. Go get some! We'll wait. Go!
Remove Ads.
Support Sporcle.
Get the best of Sporcle when you Go Orange. This ad-free experience offers more features, more stats, and more fun while also helping to support Sporcle. Thank you for becoming a member.

Show Comments

Extras

Top Quizzes Today


Score Distribution

Your Account Isn't Verified!

In order to create a playlist on Sporcle, you need to verify the email address you used during registration. Go to your Sporcle Settings to finish the process.

Report this User

Report this user for behavior that violates our Community Guidelines.

Details: